Nuevo cd̤igo de infancia y adolescencia

Bibliographic Details
Corporate Author: Observatorio Legislativo y de Opinion (Colombia) (ed)
Format: Unknown
Language:Spanish
Published: Bogot ̀: Universidad del Rosario, 2007
Subjects:
Online Access:Acceso restringido

MARC

LEADER 00000ny a22000003n 4500
005 20110623115424.0
008 100324s2007 ck s spa d
020 |a 9789588298733 
035 |a 2759 
040 |a M-ICI.   |b spa.   |c M-ICI  |d vLex 
080 |a 34(861) 
090 |c 1051  |d 1051 
245 0 0 |a Nuevo cd̤igo de infancia y adolescencia  |h [Recurso electrn̤ico]  |c Observatorio Legislativo y de Opinin̤, editor acadm̌ico 
256 |a Servicio en ln̕ea 
260 |a Bogot ̀:  |b Universidad del Rosario,  |c 2007 
506 1 |a Contenido solo disponible en los productos indicados  |d vLex Global  |d vLex Global (Academic Edition, excluding Law Schools)  |d vLex Global (U.S. Academic Edition, Law Schools)  |d vLex Global (U.S. Academic Edition, excluding Law Schools)  |d vLex Global (Academic Edition, Law Schools) 
650 0 4 |a Juventud  |x Derechos  |z Amřica Latina  |x Publicaciones perid̤icas 
650 0 4 |a Niǫs  |x Derecho  |z Amřica Latina  |x Legislacin̤ 
710 2 2 |a Observatorio Legislativo y de Opinion (Colombia),   |e ed 
740 0 |a vLex Libros (Servicios en ln̕ea) 
856 4 0 |u http://vlex.com/source/2759  |z Acceso restringido 
942 |c BOOK 
999 1 7 |a Derechos del niǫ (Colombia) 
999 1 7 |a Infancia (Colombia) 
999 1 7 |a Juventud (Colombia) 
999 1 7 |a Legislacion de Colombia